El atlas abreviado o compendiosa geographia del mundo antiguo, y nuevo (Record no. 8236)

MARC details
000 -CABECERA
campo de control de longitud fija 01402nam a2200337 a 4500
001 - NÚMERO DE CONTROL
campo de control BRCA_8573
005 - FECHA Y HORA DE LA ÚLTIMA TRANSACCIÓN
campo de control 20190320210332.0
008 - DATOS DE LONGITUD FIJA--INFORMACIÓN GENERAL
campo de control de longitud fija 190816s1725----be-b######---#000-0#spa-#
041 ## - CÓDIGO DE LENGUA
Código de lengua del texto/banda sonora o título independiente spa
044 ## - CÓDIGO DEL PAÍS DE LA ENTIDAD EDITORA/PRODUCTORA
Código MARC del país be
050 #4 - SIGNATURA TOPOGRÁFICA DE LA BIBLIOTECA DEL CONGRESO
Número de clasificación G100
Número de documento/Ítem .A34
-- 1725
100 1# - ENTRADA PRINCIPAL--NOMBRE DE PERSONA
Nombre de persona De Afferden, Francisco
9 (RLIN) 21468
245 10 - MENCIÓN DE TÍTULO
Título El atlas abreviado o compendiosa geographia del mundo antiguo, y nuevo
Resto del título conforme a las ultimas pazes generales del haya
Mención de responsabilidad, etc. Francisco De Afferden.
260 ## - PUBLICACIÓN, DISTRIBUCIÓN, ETC.
Lugar de publicación, distribución, etc. Amberes
Nombre del editor, distribuidor, etc. Juan Bautista Verdussen
Fecha de publicación, distribución, etc. 1725
300 ## - DESCRIPCIÓN FÍSICA
Extensión 1 vol. (con varias paginaciones)
Otras características físicas mapas, col.
Dimensiones 18 cm
500 ## - NOTA GENERAL
Nota general Fondo antiguo
500 ## - NOTA GENERAL
Nota general Se encuentra en Caja Fuerte
500 ## - NOTA GENERAL
Nota general S/N
500 ## - NOTA GENERAL
Nota general Ilustrada con 42 mapas
500 ## - NOTA GENERAL
Nota general Con dedicatoria: al Atlante catholico D. Carlos segundo el rey nuestro señor, que lo es de ambos mundos
500 ## - NOTA GENERAL
Nota general Grabado a color en la anteportada
500 ## - NOTA GENERAL
Nota general Contiene prefacio
500 ## - NOTA GENERAL
Nota general Incluye tabla de las cuatro partes del mundo, con sus reynos, estados y provincias y tabla de los mapas contenidos en el libro
500 ## - NOTA GENERAL
Nota general Incluye índice alfabético
500 ## - NOTA GENERAL
Nota general Nota de encuadernación: pasta valenciana
506 0# - NOTA DE RESTRICCIONES AL ACCESO
Limitaciones de acceso Fondo reservado: para su consulta es necesario credencial de usuario y carta de motivos
650 14 - PUNTO DE ACCESO ADICIONAL DE MATERIA--TÉRMINO DE MATERIA
Término de materia o nombre geográfico como elemento de entrada Geografía
Subdivisión de forma Obras anteriores a 1800
9 (RLIN) 21469
650 14 - PUNTO DE ACCESO ADICIONAL DE MATERIA--TÉRMINO DE MATERIA
Término de materia o nombre geográfico como elemento de entrada Atlas
Subdivisión de forma Obras anteriores a 1800
9 (RLIN) 21470
902 ## - CATALOGADOR
Iniciales LAR
942 ## - ELEMENTOS DE PUNTO DE ACCESO ADICIONAL (KOHA)
Fuente del sistema de clasificación o colocación Library of Congress Classification
Tipo de ítem Koha Libros
Holdings
Estado de retiro Estado de pérdida Estado dañado No para préstamo Localización permanente Ubicación/localización actual Fecha de adquisición Total de préstamos Signatura topográfica completa Código de barras Fecha visto por última vez Precio válido a partir de Tipo de ítem Koha
El ejemplar forma parte de la colección y puede ser consultado según las políticas vigentes.       Biblioteca del Museo Franz Mayer (Rogerio Casas-Alatriste) Biblioteca del Museo Franz Mayer (Rogerio Casas-Alatriste) 19/08/2016   G100 .A34 1725 LAR00077 22/03/2019 22/03/2019 Libros